Statistics for Flags with Union Jack - Picture Quiz

Click here to take the quiz!

General Stats

  • This quiz has been taken 149 times
  • The average score is 13 of 24

Answer Stats

Answer% Correct
Australia
100%
New Zealand
94%
Fiji
91%
Tuvalu
81%
Hawaii
78%
Cook Islands
69%
Niue
66%
Bermuda
62%
Anguilla
55%
Falkland Islands
54%
British Indian Ocean Territory
53%
British Virgin Islands
50%
Turks and Caicos
48%
Montserrat
47%
British Columbia
45%
Cayman Islands
42%
Ontario
41%
Manitoba
36%
Tasmania
34%
Western Australia
33%
Queensland
32%
New South Wales
29%
Victoria
29%
South Australia
27%

Score Distribution

Percentile by Number Answered

Percent of People with Each Score

Your Score History

You have not taken this quiz